Microeconomic Theory (Record no. 3511)

MARC details
000 -LEADER
fixed length control field 00365nam a22001577a 4500
005 - DATE AND TIME OF LATEST TRANSACTION
control field 20180321104340.0
008 - FIXED-LENGTH DATA ELEMENTS--GENERAL INFORMATION
fixed length control field 160622b xxu||||| |||| 00| 0 eng d
041 ## - LANGUAGE CODE
Language code of text/sound track or separate title eng
082 ## - DEWEY DECIMAL CLASSIFICATION NUMBER
Item number 9151
Classification number 338.5
100 ## - MAIN ENTRY--AUTHOR NAME
Personal name Sarkhel, Jaydeb
245 ## - TITLE STATEMENT
Title Microeconomic Theory
260 ## - PUBLICATION, DISTRIBUTION, ETC. (IMPRINT)
Name of publisher Book Sydicate
Year of publication 2008
300 ## - PHYSICAL DESCRIPTION
Number of Pages 647
650 ## - SUBJECT ADDED ENTRY--TOPICAL TERM
Topical Term Management
942 ## - ADDED ENTRY ELEMENTS (KOHA)
Koha item type Books
Holdings
Lost status Damaged status Collection code Home library Current library Shelving location Date acquired Cost, normal purchase price Full call number Accession Number Koha item type
    Reference JRU Library JRU Library Shelf - 13- D 22/06/2016 175.00 338.5 9151 Books